Nemateriálne didaktické prostriedky pri vytváraní kognitívnych štruktúr v procese vzdelávania

Bibliographic Details
Main Author: Tarábek, P. (Author)
Format: Article
Language:Slovak
PhysicalDescription:Lit. 28 zázn. v slov., češ., angl., nem.
Subjects:

MARC

LEADER 00000nab a2200000 a 4500
001 vtls000411856
003 SK-MaSNL
005 20260302234258.0
008 160204c1989 xo 0 slo
015 |a SNBRA19rr/mm-uuuuu 
035 |a CL0411981 
040 |a SNKBUCL  |b slo  |c SNKBUCL  |e AACR2 
041 0 |a slo 
044 |a xo  |c SK 
080 |a 371.64/.69  |2 1981 
100 1 |a Tarábek, P.  |4 aut  |9 801162 
245 1 0 |a Nemateriálne didaktické prostriedky pri vytváraní kognitívnych štruktúr v procese vzdelávania  |c P. Tarábek 
300 |b Lit. 28 zázn. v slov., češ., angl., nem. 
650 0 7 |a prostriedky didaktické  |2 snkbucl  |9 940453 
655 7 |a články zo zborníkov  |2 snkbucl  |9 166140 
773 0 |t Didaktické aspekty využívania moderných vyučovacích prostriedkov  |d Bratislava : Dom techniky ČSVTS, 1989 
850 |a Slovenská národná knižnica v Martine  |a MTA001 
852 |a SNK  |b KIS3GCP 
958 |a NB 
958 |a RK 
992 |a RZB 
999 |c 1549983  |d 1551913